00309nam a22001097a 45000010014000000030009000140050017000232450063000402500011001032600028001144900057001429789870433613AR-BeUNQ20220621161545.0 aHistorias de cronopios y de famascJulio Cortázarhlibro08a1a.ed. aCABA :bAguilar, c2014 aEdicion especial para el Ministerio de Educación.